Normal view MARC view
  • Retórica

Entry Materia

Number of records used in: 29

001 - NÚMERO DE CONTROL DEL REGISTRO

  • campo de control: 9822

003 - IDENTIFICADOR DE NUMERO DE CONTROL

  • campo de control: MX-MxUPN

005 - FECHA Y HORA DE LA ÚLTIMA TRANSACCIÓN

  • campo de control: 20260224145454.0

008 - DATOS DE LONGITUD FIJA

  • campo de control de longitud fija: 221110nn annnnbabn | ana |d

035 ## - NÚMERO DE CONTROL DEL SISTEMA

  • Número de control del sistema: UPN10000009829

040 ## - FUENTE DE LA CATALOGACIÓN

  • Centro catalogador de origen: MX-MxUPN
  • Lengua de catalogación: spa
  • Agencia de transcripción: MX-MxUPN

150 ## - ENCABEZAMIENTO - TEMÁTICO

  • Término de materia o nombre geográfico como elemento inicial: Retórica

360 ## - REFERENCIA COMPLEJA DE VÉASE ADEMÁS - MATERIA

  • Texto explicativo: véase tambien
  • Encabezamiento al que se remite: FIGURAS DE DICCION. Ej. : METAFORA; SIMILES,
  • Texto explicativo: subdivisiones de
  • Encabezamiento al que se remite: COMPOSICION Y EJERCICIOS ;
  • Encabezamiento al que se remite: RETORICA
  • Texto explicativo: bajo nombres de lenguas Ej. :
  • Encabezamiento al que se remite: INGLES - COMPOSICION Y EJERCICIOS ;
  • Encabezamiento al que se remite: FRANCES - RETORICA

450 ## - VÉASE - MATERIA

  • Encabezamiento temático: Composición (Retórica)

670 ## - FUENTE EN LA QUE SE LOCALIZARON DATOS

  • Cita de la fuente: E

902 ## - CATALOGADOR

  • Catalogador: CAA/141096